[Event "RUS-chT (Women)"]
[Site "Sochi"]
[Date "2024.05.07"]
[Round "6.8"]
[White "Gubernatorova, Lyudmila"]
[Black "Shukhman, Anna"]
[Result "0-1"]
[WhiteElo "2091"]
[BlackElo "2282"]
[PlyCount "100"]
[EventDate "2024.05.01"]
[EventType "team-swiss"]
[EventRounds "9"]
[EventCountry "RUS"]
[SourceTitle "CB20_2024"]
[SourceDate "2024.05.16"]
[SourceVersion "1"]
[SourceVersionDate "2024.05.16"]
[SourceQuality "1"]
[WhiteTeam "Krasnodar Region (W)"]
[BlackTeam "Moscow ShSM (W)"]
[WhiteTeamCountry "RUS"]
[BlackTeamCountry "RUS"]

1. d4 Nf6 2. c4 g6 3. Nc3 Bg7 4. e4 d6 5. Be2 0-0 6. Bg5 Na6 7. Qd2 e5 8. d5 Qe8 9. Bf3 Nc5 10. b4 Na4 11. Nb5 Qd7 12. Ne2 a5 13. bxa5 Nc5 14. Bxf6 Bxf6 15. 0-0 Be7 16. Nc1 c6 17. Nc3 Rxa5 18. Nb3 Nxb3 19. axb3 Bd8 20. b4 Rxa1 21. Rxa1 Bb6 22. Rd1 Bd4 23. Ne2 c5 24. Nxd4 cxd4 25. Be2 b6 26. f4 f6 27. Rf1 Qe7 28. Bd3 Kg7 29. fxe5 fxe5 30. Rxf8 Qxf8 31. h3 Bd7 32. Bf1 Be8 33. Be2 Qe7 34. Bg4 Qh4 35. Kh2 h5 36. Bf3 Bd7 37. Qa2 Qf4+ 38. Kh1 Bxh3 39. Qa7+ Kh6 40. Qxb6 Bg4 41. Bxg4 hxg4 42. g3 Qxe4+ 43. Kh2 Qe2+ 44. Kg1 Qe3+ 45. Kh2 Qf2+ 46. Kh1 Qf1+ 47. Kh2 Qh3+ 48. Kg1 Qxg3+ 49. Kf1 Qf3+ 50. Ke1 d3 0-1

[Event "RUS Cup tt (Women)"]
[Site "Sochi"]
[Date "2023.12.03"]
[Round "7.6"]
[White "Borisova, Polina A"]
[Black "Gubernatorova, Lyudmila"]
[Result "1/2-1/2"]
[WhiteElo "1600"]
[BlackElo "2123"]
[PlyCount "60"]
[EventDate "2023.11.27"]
[EventType "team-tourn"]
[EventRounds "7"]
[EventCountry "RUS"]
[SourceTitle "CB49_2023"]
[SourceDate "2023.12.06"]
[SourceVersion "1"]
[SourceVersionDate "2023.12.06"]
[SourceQuality "1"]
[WhiteTeam "Altay Region Kaissa (W)"]
[BlackTeam "Rossia Veterany (W)"]
[WhiteTeamCountry "RUS"]
[BlackTeamCountry "RUS"]

1. e4 e6 2. d4 d5 3. Nc3 Nf6 4. Bg5 dxe4 5. Nxe4 Nbd7 6. Nf3 h6 7. Bxf6 Nxf6 8. Nxf6+ Qxf6 9. Bb5+ c6 10. Bd3 Bd6 11. Qe2 Bd7 12. c3 0-0-0 13. Ne5 c5 14. 0-0 Kb8 15. a4 Bc8 16. a5 cxd4 17. cxd4 Bc7 18. Ra4 Rd5 19. a6 Bxe5 20. dxe5 Qxe5 21. Qc2 Rhd8 22. axb7 Bxb7 23. Ra3 a5 24. Rfa1 Rc5 25. Qa4 Qd4 26. Qxd4 Rxd4 27. Bf1 Rb4 28. Rxa5 Rxa5 29. Rxa5 Rxb2 30. Ra1 Kc7 1/2-1/2

[Event "Sochi Lobanov Memorial"]
[Site "Sochi"]
[Date "2021.10.03"]
[Round "6"]
[White "Gochelashvili, David"]
[Black "Gubernatorova, Lyudmila"]
[Result "1-0"]
[WhiteElo "2400"]
[BlackElo "2130"]
[PlyCount "82"]
[EventDate "2021.09.28"]
[EventType "swiss"]
[EventRounds "9"]
[EventCountry "RUS"]
[SourceTitle "CBM 204 Extra"]
[Source "ChessBase"]
[SourceDate "2021.11.30"]
[SourceVersion "1"]
[SourceVersionDate "2021.11.30"]
[SourceQuality "1"]

1. Nf3 Nf6 2. g3 c5 3. c4 g6 4. b3 Bg7 5. Bb2 Nc6 6. Bg2 d6 7. d4 cxd4 8. Nxd4 Bd7 9. Nc3 Qc8 10. h3 0-0 11. Rc1 Qd8 12. 0-0 Qa5 13. e3 Rac8 14. Nde2 a6 15. Nd4 Rfe8 16. a3 Nxd4 17. exd4 b5 18. b4 Qd8 19. c5 d5 20. a4 Bc6 21. axb5 axb5 22. Ra1 Ne4 23. Ne2 Ra8 24. Qd3 Qd7 25. f3 Ng5 26. h4 Ne6 27. Bh3 Ra4 28. Qd2 Rea8 29. Rae1 Ra2 30. Rf2 Qc7 31. Bxe6 fxe6 32. f4 e5 33. fxe5 Qd7 34. Nc1 R2a4 35. e6 Qc7 36. Kg2 Be8 37. Nd3 g5 38. Qxg5 Bg6 39. Nf4 Rxb4 40. Nxg6 hxg6 41. Qxg6 Qd8 1-0

[Event "Sochi Lobanov Memorial"]
[Site "Sochi"]
[Date "2021.09.29"]
[Round "2"]
[White "Demidov, Mikhail"]
[Black "Gubernatorova, Lyudmila"]
[Result "1-0"]
[WhiteElo "2551"]
[BlackElo "2130"]
[PlyCount "47"]
[EventDate "2021.09.28"]
[EventType "swiss"]
[EventRounds "9"]
[EventCountry "RUS"]
[SourceTitle "CBM 204 Extra"]
[Source "ChessBase"]
[SourceDate "2021.11.30"]
[SourceVersion "1"]
[SourceVersionDate "2021.11.30"]
[SourceQuality "1"]

1. e4 e6 2. d4 d5 3. Nd2 Nf6 4. e5 Nfd7 5. Bd3 c5 6. c3 Nc6 7. Ndf3 cxd4 8. cxd4 f6 9. exf6 Nxf6 10. Nh3 Bd6 11. 0-0 Qc7 12. Re1 0-0 13. Nhg5 Bd7 14. Nxe6 Bxe6 15. Rxe6 Ng4 16. Bxh7+ Kh8 17. Qc2 Rxf3 18. gxf3 Bxh2+ 19. Kf1 Rf8 20. Bg6 Bg1 21. Qf5 Nf6 22. Rxf6 gxf6 23. Qh5+ Kg8 24. Bf4 1-0

[Event "RUS-chT (Women)"]
[Site "Sochi"]
[Date "2020.11.28"]
[Round "9.2"]
[White "Tomilova, Elena"]
[Black "Gubernatorova, Lyudmila"]
[Result "1-0"]
[WhiteElo "2358"]
[BlackElo "2200"]
[PlyCount "119"]
[EventDate "2020.11.19"]
[EventType "team-swiss"]
[EventRounds "9"]
[EventCountry "RUS"]
[SourceTitle "CBM 199 Extra"]
[Source "ChessBase"]
[SourceDate "2021.01.31"]
[SourceVersion "1"]
[SourceVersionDate "2021.01.31"]
[SourceQuality "1"]
[WhiteTeam "Krym Kimmeriya (W)"]
[BlackTeam "Belgorodsk Region (W)"]
[WhiteTeamCountry "RUS"]
[BlackTeamCountry "RUS"]

1. Nf3 Nf6 2. c4 c5 3. g3 g6 4. Bg2 Bg7 5. Nc3 0-0 6. 0-0 Nc6 7. d4 cxd4 8. Nxd4 Nxd4 9. Qxd4 d6 10. Qd3 Bf5 11. e4 Be6 12. b3 Nd7 13. Be3 Qa5 14. Rac1 a6 15. Bd2 Qh5 16. Qe2 Qxe2 17. Nxe2 Nc5 18. Nf4 a5 19. Rfd1 Bg4 20. f3 Be6 21. Be3 Rfd8 22. Rc2 Rac8 23. Bf1 Kf8 24. g4 Bd7 25. Nd5 Be8 26. Rcd2 e6 27. Nb6 Rc6 28. Bg5 f6 29. Be3 Ke7 30. Na4 Nxa4 31. bxa4 Rdc8 32. Rb1 f5 33. exf5 gxf5 34. gxf5 exf5 35. Rxb7+ R6c7 36. Bg5+ Kf7 37. Rb6 Bxa4 38. Rbxd6 Re8 39. R2d5 Re5 40. Bd3 Rc5 41. Rxc5 Rxc5 42. Be3 Rc7 43. Rd5 Bc3 44. Rxf5+ Kg7 45. Rh5 Kg8 46. c5 Be8 47. Rg5+ Kf8 48. Bf4 Rb7 49. Bd6+ Kf7 50. Rf5+ Ke6 51. Rf8 Rg7+ 52. Kf1 Bh5 53. Bc4+ Kd7 54. Bb5+ Ke6 55. a4 Bd4 56. Bc4+ Kd7 57. Bg3 Bg6 58. Bb5+ Ke6 59. c6 Bb6 60. Rb8 1-0

[Event "RUS-chT (Women)"]
[Site "Sochi"]
[Date "2020.11.20"]
[Round "2.4"]
[White "Gubernatorova, Lyudmila"]
[Black "Semenova, Elena"]
[Result "0-1"]
[WhiteElo "2200"]
[BlackElo "2299"]
[PlyCount "66"]
[EventDate "2020.11.19"]
[EventType "team-swiss"]
[EventRounds "9"]
[EventCountry "RUS"]
[SourceTitle "CBM 199 Extra"]
[Source "ChessBase"]
[SourceDate "2021.01.31"]
[SourceVersion "1"]
[SourceVersionDate "2021.01.31"]
[SourceQuality "1"]
[WhiteTeam "Belgorodsk Region (W)"]
[BlackTeam "Achimgaz QNAO (W)"]
[WhiteTeamCountry "RUS"]
[BlackTeamCountry "RUS"]

1. d4 Nf6 2. c4 e6 3. Nf3 b6 4. Nc3 Bb4 5. Bg5 h6 6. Bh4 g5 7. Bg3 Ne4 8. Qc2 Bxc3+ 9. bxc3 Bb7 10. e3 d6 11. Bd3 Nxg3 12. fxg3 g4 13. Nh4 Qg5 14. 0-0 Qxe3+ 15. Kh1 Nd7 16. a4 a5 17. Rf4 0-0-0 18. Rxg4 Kb8 19. Rf4 f5 20. Raf1 Bc6 21. Qb1 Qd2 22. d5 exd5 23. Nf3 Qxc3 24. Nd4 Bb7 25. cxd5 Bxd5 26. Bxf5 Nc5 27. Qb5 Ka8 28. Nc6 Rde8 29. Bd7 Re1 30. Ne7 Rxe7 31. Bc6+ Bxc6 32. Qxc6+ Ka7 33. h3 Ne4 0-1

[Event "RUS-ch blitz (Women)"]
[Site "Sochi"]
[Date "2018.10.07"]
[Round "2.1"]
[White "Voit, Daria"]
[Black "Gubernatorova, Lyudmila"]
[Result "1-0"]
[WhiteElo "2352"]
[BlackElo "2200"]
[PlyCount "153"]
[EventDate "2018.10.07"]
[EventType "swiss (blitz)"]
[EventRounds "20"]
[EventCountry "RUS"]
[SourceTitle "CBM 186 Extra"]
[Source "ChessBase"]
[SourceDate "2018.08.24"]
[SourceVersion "1"]
[SourceVersionDate "2018.08.24"]
[SourceQuality "1"]

1. Nf3 Nf6 2. c4 c5 3. Nc3 g6 4. g3 Bg7 5. Bg2 0-0 6. 0-0 Nc6 7. d4 cxd4 8. Nxd4 Nxd4 9. Qxd4 d6 10. Qd2 Be6 11. b3 Rb8 12. Bb2 a6 13. Rfd1 Qc8 14. Rac1 Bh3 15. Bh1 Qg4 16. Qe3 Qh5 17. Bf3 Bg4 18. Bh1 Be6 19. Bf3 Bg4 20. Nd5 Rfe8 21. Nxf6+ exf6 22. Bxg4 Qxg4 23. Qf3 Qxf3 24. exf3 Re2 25. Ba3 Rxa2 26. Bxd6 Re8 27. Re1 Ree2 28. Rxe2 Rxe2 29. Rd1 h5 30. Bc5 Rb2 31. Rd3 f5 32. h4 f4 33. Kg2 fxg3 34. Kxg3 Be5+ 35. Kg2 Kg7 36. Be3 Bf6 37. Kg3 Be5+ 38. f4 Bf6 39. Bc5 Rb1 40. Bb6 Rg1+ 41. Kf3 Rg4 42. Rd7 Rxh4 43. Kg3 Rg4+ 44. Kf3 g5 45. fxg5 Bxg5 46. Rxb7 Rf4+ 47. Kg2 Rg4+ 48. Kf3 Rf4+ 49. Kg2 Rg4+ 50. Kf1 h4 51. Bc7 h3 52. Rb6 a5 53. Rb5 Bf4 54. Bxf4 Rxf4 55. Kg1 h2+ 56. Kxh2 Rxf2+ 57. Kg3 Rb2 58. c5 Kf6 59. Kf4 Rf2+ 60. Ke4 Ke6 61. Rxa5 f5+ 62. Kd4 Rd2+ 63. Kc4 f4 64. Ra8 Rc2+ 65. Kb5 Kd5 66. b4 f3 67. Rd8+ Ke4 68. Rf8 f2 69. Kb6 Kd5 70. Rf7 Kc4 71. b5 Kb4 72. c6 Rc5 73. Rf4+ Rc4 74. Rxf2 Rh4 75. Rf5 Rh7 76. c7 Rh8 77. Kb7 1-0

[Event "RUS-ch blitz (Women)"]
[Site "Sochi"]
[Date "2017.10.02"]
[Round "6"]
[White "Gubernatorova, Lyudmila"]
[Black "Bykova, Anastasia"]
[Result "1-0"]
[WhiteElo "2200"]
[BlackElo "2234"]
[PlyCount "53"]
[EventDate "2017.10.02"]
[EventType "swiss (blitz)"]
[EventRounds "20"]
[EventCountry "RUS"]
[SourceTitle "EXT 2018"]
[Source "ChessBase"]
[SourceDate "2017.10.13"]
[SourceVersion "1"]
[SourceVersionDate "2017.10.13"]
[SourceQuality "1"]

1. d4 d5 2. c4 c6 3. Nf3 Nf6 4. Nc3 dxc4 5. e4 b5 6. e5 Nd5 7. a4 b4 8. Ne4 e6 9. Bxc4 Be7 10. 0-0 0-0 11. Bg5 f6 12. exf6 gxf6 13. Bh6 Re8 14. Ne5 f5 15. Qh5 Rf8 16. Bxf8 Qxf8 17. Ng5 h6 18. Ngf7 Nf4 19. Qf3 Ng6 20. Nxg6 Qxf7 21. Nxe7+ Qxe7 22. Qxf5 Qf7 23. Qg4+ Kh8 24. Rae1 Qg7 25. Qh3 Na6 26. Bxe6 Bb7 27. Re5 1-0

[Event "RUS-ch blitz (Women)"]
[Site "Sochi"]
[Date "2016.10.04"]
[Round "4.5"]
[White "Ambartsumova, Karina"]
[Black "Gubernatorova, Lyudmila"]
[Result "1-0"]
[WhiteElo "2280"]
[BlackElo "2200"]
[PlyCount "87"]
[EventDate "2016.10.04"]
[EventType "swiss (blitz)"]
[EventRounds "22"]
[EventCountry "RUS"]
[SourceTitle "EXT 2017"]
[Source "ChessBase"]
[SourceDate "2016.10.25"]
[SourceVersion "1"]
[SourceVersionDate "2016.10.25"]
[SourceQuality "1"]

1. e4 e6 2. d4 d5 3. Nc3 Nf6 4. e5 Nfd7 5. f4 c5 6. Nf3 Nc6 7. Be3 Qa5 8. Qd2 Rb8 9. a3 c4 10. Be2 b5 11. 0-0 g6 12. g4 Qc7 13. Ne1 a5 14. f5 b4 15. fxe6 fxe6 16. axb4 axb4 17. Nd1 Be7 18. Ng2 Rf8 19. Nf4 Ndxe5 20. dxe5 Qxe5 21. c3 Bd7 22. Ng2 Rxf1+ 23. Bxf1 Qf6 24. Qf2 Ne5 25. Qxf6 Bxf6 26. h3 bxc3 27. bxc3 Nf3+ 28. Kf2 Ng5 29. Bxg5 Bxg5 30. Be2 Be7 31. Bf3 Bc5+ 32. Ke2 Ke7 33. Nge3 Kd6 34. Ra6+ Bc6 35. Nc2 e5 36. Nce3 Rf8 37. Nxc4+ Kc7 38. Ra5 dxc4 39. Rxc5 Rxf3 40. Rxc6+ Kxc6 41. Kxf3 Kd5 42. Ke3 e4 43. Nf2 Ke5 44. Nxe4 1-0

[Event "RUS-ch blitz (Women)"]
[Site "Sochi"]
[Date "2016.10.04"]
[Round "9.3"]
[White "Kosteniuk, Alexandra"]
[Black "Gubernatorova, Lyudmila"]
[Result "1-0"]
[WhiteElo "2537"]
[BlackElo "2200"]
[PlyCount "67"]
[EventDate "2016.10.04"]
[EventType "swiss (blitz)"]
[EventRounds "22"]
[EventCountry "RUS"]
[SourceTitle "EXT 2017"]
[Source "ChessBase"]
[SourceDate "2016.10.25"]
[SourceVersion "1"]
[SourceVersionDate "2016.10.25"]
[SourceQuality "1"]

1. e4 e6 2. d4 d5 3. Nc3 Nf6 4. Bg5 Bb4 5. e5 h6 6. Bc1 Ne4 7. Qg4 Kf8 8. a3 Bxc3+ 9. bxc3 c5 10. Bd3 Qa5 11. Ne2 h5 12. Qf3 cxd4 13. Bxe4 dxe4 14. Qxe4 Nc6 15. Bf4 Bd7 16. 0-0 Rc8 17. cxd4 Ne7 18. Rfd1 Bc6 19. Qe3 Qd5 20. f3 Nf5 21. Qf2 h4 22. Bd2 h3 23. Bb4+ Kg8 24. Nf4 Qc4 25. Nxh3 Rxh3 26. gxh3 Qd5 27. Rd3 Bb5 28. Rd2 Bc6 29. Rc1 Nh4 30. Qxh4 Qxf3 31. Rf1 Qh1+ 32. Kf2 Qf3+ 33. Ke1 Qe3+ 34. Re2 1-0

[Event "RUS-ch rapid (Women)"]
[Site "Sochi"]
[Date "2016.10.02"]
[Round "4"]
[White "Vasilevich, Tatjana"]
[Black "Gubernatorova, Lyudmila"]
[Result "1-0"]
[WhiteElo "2372"]
[BlackElo "2200"]
[PlyCount "91"]
[EventDate "2016.10.02"]
[EventType "swiss (rapid)"]
[EventRounds "10"]
[EventCountry "RUS"]
[SourceTitle "CBM 174 Extra"]
[Source "ChessBase"]
[SourceDate "2016.10.10"]
[SourceVersion "1"]
[SourceVersionDate "2016.10.10"]
[SourceQuality "1"]

1. d4 Nf6 2. c4 c5 3. d5 e6 4. Nc3 exd5 5. cxd5 d6 6. e4 g6 7. f3 Bg7 8. Nge2 0-0 9. Ng3 h5 10. Bg5 Qa5 11. Qd2 a6 12. Be2 b5 13. 0-0 Re8 14. a3 Nbd7 15. Be3 Ne5 16. b4 Qb6 17. a4 Bd7 18. Rfb1 h4 19. Nf1 h3 20. bxc5 dxc5 21. axb5 hxg2 22. Kxg2 axb5 23. Rxa8 Rxa8 24. Nxb5 Nh5 25. h3 f5 26. f4 fxe4 27. fxe5 Bxe5 28. Na3 Qf6 29. Nc4 Bf4 30. Bxh5 Qg5+ 31. Kh1 Bxe3 32. Qxe3 Qxh5 33. Nb6 Rd8 34. Nxd7 Rxd7 35. Rb8+ Kh7 36. Qc3 Rg7 37. d6 Qf5 38. Kg2 Qd5 39. Qd2 Qf5 40. Qf2 Qh5 41. Ne3 g5 42. Qf5+ Rg6 43. Rb7+ Kg8 44. Qf7+ Kh8 45. Qf8+ Rg8 46. Qf6+ 1-0

[Event "YFO-ch (Women)"]
[Site "Nebug"]
[Date "2016.03.13"]
[Round "9"]
[White "Gubernatorova, Lyudmila"]
[Black "Tletseri, Marziet"]
[Result "1-0"]
[WhiteElo "2202"]
[BlackElo "1936"]
[PlyCount "69"]
[EventDate "2016.03.05"]
[EventType "swiss"]
[EventRounds "9"]
[EventCountry "RUS"]
[SourceTitle "CBM 171 Extra"]
[Source "ChessBase"]
[SourceDate "2016.04.26"]
[SourceVersion "1"]
[SourceVersionDate "2016.04.26"]
[SourceQuality "1"]

1. d4 d5 2. c4 c6 3. Nf3 e6 4. Nc3 dxc4 5. a4 Bb4 6. e4 b5 7. Be2 Nf6 8. Qc2 Bb7 9. e5 Nd5 10. 0-0 Nxc3 11. bxc3 Be7 12. Qe4 Qc7 13. Qg4 Bf8 14. Ba3 Nd7 15. Rfb1 a6 16. Ng5 Bxa3 17. Rxa3 Nb6 18. Ne4 0-0 19. Nc5 Rfb8 20. Qh4 Bc8 21. g4 Nd5 22. g5 a5 23. Kh1 b4 24. cxb4 axb4 25. Rh3 c3 26. Qxh7+ Kf8 27. Qh8+ Ke7 28. Qxg7 Bd7 29. Rg1 Rg8 30. Qh6 Raf8 31. g6 Rxg6 32. Rxg6 fxg6 33. Qg5+ Ke8 34. Bd3 Nf4 35. Rh7 1-0

[Event "YFO-ch (Women)"]
[Site "Nebug"]
[Date "2016.03.12"]
[Round "8"]
[White "Gorovenko, Darya"]
[Black "Gubernatorova, Lyudmila"]
[Result "1-0"]
[WhiteElo "2075"]
[BlackElo "2202"]
[PlyCount "143"]
[EventDate "2016.03.05"]
[EventType "swiss"]
[EventRounds "9"]
[EventCountry "RUS"]
[SourceTitle "CBM 171 Extra"]
[Source "ChessBase"]
[SourceDate "2016.04.26"]
[SourceVersion "1"]
[SourceVersionDate "2016.04.26"]
[SourceQuality "1"]

1. d4 Nf6 2. Nf3 c5 3. d5 e6 4. c4 exd5 5. cxd5 d6 6. Nc3 g6 7. e4 Bg7 8. Be2 0-0 9. Nd2 Re8 10. 0-0 Na6 11. Re1 Nc7 12. a4 b6 13. Qc2 Na6 14. Nc4 Nb4 15. Qb1 Ba6 16. Bf4 Bxc4 17. Bxc4 Nh5 18. Be3 a6 19. Be2 Nf6 20. Bf4 Ra7 21. f3 Nh5 22. Be3 Qh4 23. Bf2 Qg5 24. Bf1 Rae7 25. Qd1 Be5 26. g3 f5 27. Bg2 f4 28. g4 Ng7 29. h4 Qf6 30. g5 Qf8 31. Qd2 Nh5 32. Ne2 h6 33. Bh3 hxg5 34. hxg5 Rh7 35. Kg2 Qe7 36. Be6+ Kg7 37. Bh4 Reh8 38. Rh1 Kf8 39. Bg4 Ng7 40. Nxf4 Kf7 41. Bf2 Qxg5 42. Be3 Qf6 43. Nh3 Kg8 44. Bg5 Qf8 45. f4 Bd4 46. Rae1 Nh5 47. e5 Qa8 48. Bf3 dxe5 49. d6 Qc8 50. fxe5 Ng3 51. e6 Nxh1 52. d7 Rxd7 53. exd7 Qxd7 54. Rxh1 Qxa4 55. Qe2 Qd7 56. Bg4 Qd5+ 57. Bf3 Qd7 58. Qe4 Qf5 59. Qe8+ Kg7 60. Qe7+ Qf7 61. Qd6 Rf8 62. Nf4 Kg8 63. Rh6 Bg7 64. Rxg6 Qf5 65. Qe6+ Kh7 66. Qxf5 Rxf5 67. Be4 Rf7 68. Ne6 Kh8 69. Nxg7 c4 70. Nh5 Nd5 71. Bxd5 Rf8 72. Rh6# 1-0

[Event "YFO-ch (Women)"]
[Site "Nebug"]
[Date "2016.03.09"]
[Round "5"]
[White "Gubernatorova, Lyudmila"]
[Black "Travkina, Anastasia"]
[Result "0-1"]
[WhiteElo "2202"]
[BlackElo "2249"]
[PlyCount "66"]
[EventDate "2016.03.05"]
[EventType "swiss"]
[EventRounds "9"]
[EventCountry "RUS"]
[SourceTitle "CBM 171 Extra"]
[Source "ChessBase"]
[SourceDate "2016.04.26"]
[SourceVersion "1"]
[SourceVersionDate "2016.04.26"]
[SourceQuality "1"]

1. d4 d5 2. c4 c6 3. Nf3 Nf6 4. Nc3 e6 5. e3 Nbd7 6. Bd3 dxc4 7. Bxc4 b5 8. Bd3 Bb7 9. e4 b4 10. Na4 c5 11. e5 Nd5 12. 0-0 Rc8 13. dxc5 Nxc5 14. Bb5+ Nd7 15. Qd4 a6 16. Bd3 Qa5 17. b3 Nc5 18. Bd2 Nxd3 19. Qxd3 Be7 20. Ng5 Nc3 21. Rfe1 Nxa4 22. bxa4 Qd5 23. Qf3 Qxf3 24. Nxf3 0-0 25. a5 Rc2 26. Bg5 Bxg5 27. Nxg5 Bd5 28. Rab1 Rb8 29. a3 b3 30. Nf3 Ra2 31. Nd4 Rxa3 32. Rec1 h6 33. Ne2 b2 0-1

[Event "Krasnodar Region-ch (Women)"]
[Site "Krasnodar"]
[Date "2012.10.06"]
[Round "5"]
[White "Baraeva, Marina"]
[Black "Gubernatorova, Lyudmila"]
[Result "1-0"]
[WhiteElo "2172"]
[BlackElo "2238"]
[PlyCount "89"]
[EventDate "2012.10.02"]
[EventType "swiss"]
[EventRounds "9"]
[EventCountry "RUS"]
[SourceTitle "EXT 2022"]
[Source "ChessBase"]
[SourceDate "2021.10.06"]
[SourceVersion "1"]
[SourceVersionDate "2021.10.06"]
[SourceQuality "1"]

1. d4 Nf6 2. c4 c5 3. Nf3 cxd4 4. Nxd4 Nc6 5. Nc3 Nxd4 6. Qxd4 g6 7. e4 d6 8. Be2 Bg7 9. Be3 0-0 10. Qd2 Be6 11. Rc1 Rc8 12. b3 a5 13. 0-0 Nd7 14. Nd5 Nc5 15. f3 f5 16. Bg5 Rf7 17. exf5 Bxf5 18. Rfe1 Be6 19. Bf1 b6 20. Rcd1 Kh8 21. Qe3 Bxd5 22. Rxd5 Qc7 23. g3 Rcf8 24. Bg2 e6 25. Rd2 e5 26. Red1 Ne6 27. Rxd6 Nd4 28. Rd5 Nxf3+ 29. Bxf3 Rxf3 30. Qe2 Qc8 31. Qxf3 Rxf3 32. Rd8+ Qxd8 33. Bxd8 e4 34. Bxb6 e3 35. Bxe3 Rxe3 36. Rd8+ Bf8 37. Rxf8+ Kg7 38. Ra8 Re5 39. Kf2 Kf6 40. Kf3 h5 41. h4 Rc5 42. Ke4 g5 43. Kd4 Rc7 44. Ra6+ Kf7 45. Rxa5 1-0

[Event "RUS-ch Higher League (Women) 65th"]
[Site "Tiumen"]
[Date "2012.06.24"]
[Round "8"]
[White "Korchenkova, Irina"]
[Black "Gubernatorova, Lyudmila"]
[Result "1-0"]
[WhiteElo "2088"]
[BlackElo "2243"]
[PlyCount "95"]
[EventDate "2012.06.16"]
[EventType "swiss"]
[EventRounds "11"]
[EventCountry "RUS"]
[SourceTitle "CBM 149 Extra"]
[Source "ChessBase"]
[SourceDate "2012.08.24"]
[SourceVersion "1"]
[SourceVersionDate "2012.08.24"]
[SourceQuality "1"]

1. e4 e6 2. d4 d5 3. Nc3 Nf6 4. e5 Nfd7 5. f4 c5 6. Nf3 Nc6 7. Be3 Qa5 8. Qd2 Rb8 9. Bd3 b5 10. dxc5 b4 11. Ne2 Nxc5 12. 0-0 Ba6 13. Ned4 Nxd4 14. Nxd4 Bxd3 15. cxd3 Qa6 16. Rad1 g6 17. b3 Be7 18. Rf3 h5 19. Bf2 Kd7 20. Rh3 Rhc8 21. Bh4 Qb6 22. Kh1 Bf8 23. Nf3 Nb7 24. Ng5 Nd8 25. Nh7 Bg7 26. Bf6 Bxf6 27. Nxf6+ Kc7 28. Ne8+ Kd7 29. Nf6+ Kc6 30. d4 Rc7 31. Ne8 Rd7 32. Nd6 Rxd6 33. exd6 Kxd6 34. Rc1 Nc6 35. f5 exf5 36. Qf4+ Kd7 37. Rc5 Ne7 38. Re3 Qd6 39. Qh4 Re8 40. Qe1 f4 41. Re5 f6 42. Re2 g5 43. Qxb4 Rb8 44. Qa4+ Kd8 45. Qxa7 f3 46. gxf3 Rc8 47. Qa5+ Kd7 48. Rxe7+ 1-0

[Event "RUS-ch Higher League (Women) 65th"]
[Site "Tiumen"]
[Date "2012.06.21"]
[Round "6"]
[White "Kabanova, Ekaterina"]
[Black "Gubernatorova, Lyudmila"]
[Result "1-0"]
[WhiteElo "2164"]
[BlackElo "2243"]
[PlyCount "153"]
[EventDate "2012.06.16"]
[EventType "swiss"]
[EventRounds "11"]
[EventCountry "RUS"]
[SourceTitle "CBM 149 Extra"]
[Source "ChessBase"]
[SourceDate "2012.08.24"]
[SourceVersion "1"]
[SourceVersionDate "2012.08.24"]
[SourceQuality "1"]

1. e4 e6 2. d3 d5 3. Nd2 Nf6 4. Ngf3 c5 5. g3 Nc6 6. Bg2 Be7 7. 0-0 b5 8. e5 Nd7 9. Re1 a5 10. Nf1 a4 11. h4 a3 12. b3 0-0 13. Qe2 b4 14. Bf4 Ba6 15. Rac1 Rc8 16. N1h2 c4 17. dxc4 dxc4 18. Ng5 h6 19. Qh5 Qe8 20. Rcd1 Nc5 21. Qg4 cxb3 22. cxb3 Bd3 23. Ne4 Bxe4 24. Bxe4 h5 25. Qxh5 Nxe4 26. Rxe4 f5 27. Qxe8 Rfxe8 28. Rc4 Na5 29. Rcd4 Rc2 30. R4d2 Rec8 31. Be3 Rb2 32. Rxb2 axb2 33. Rb1 Rc2 34. Kg2 Nc6 35. Nf3 Bc5 36. Ne1 Rc3 37. Bxc5 Rxc5 38. Rxb2 Rxe5 39. Nf3 Rc5 40. Ng5 e5 41. Rd2 Rc1 42. h5 Kf8 43. Rd7 Nd4 44. Rd5 Nc6 45. Rd7 Nd4 46. Nf3 Nxf3 47. Kxf3 Rc3+ 48. Kg2 f4 49. gxf4 exf4 50. Rb7 f3+ 51. Kg3 Rc2 52. Ra7 Rc5 53. Rb7 Rc2 54. Rxb4 Rxa2 55. Kxf3 Kf7 56. Rb6 Ra1 57. h6 gxh6 58. Rxh6 Rb1 59. Rb6 Rb2 60. Ke3 Ke7 61. f3 Kd7 62. Ke4 Kc7 63. Rb4 Rh2 64. Kf5 Rh5+ 65. Kg4 Rh8 66. f4 Rg8+ 67. Kf5 Rf8+ 68. Ke6 Rh8 69. f5 Rh3 70. f6 Re3+ 71. Kf7 Kd7 72. Rd4+ Kc7 73. b4 Re1 74. b5 Rb1 75. Rd5 Re1 76. Kf8 Ra1 77. f7 1-0